| 000 | 00513cam a2200205ua 4500 | ||
|---|---|---|---|
| 001 | 7117 | ||
| 008 | 141126n ii |||gr||||Z||||||asm | ||
| 020 | _a9789381689196 | ||
| 040 | _cMAIN | ||
| 041 | _aasm | ||
| 082 | _a370 | ||
| 100 |
_aSonowal, Puranjoy, _eAuthor. |
||
| 245 |
_aSikshar samajtattvik vitti _cBy Puranjoy Sonowal |
||
| 250 | _a1st. | ||
| 260 |
_aLakhimpur: _bDutta prakashan, _c2011. |
||
| 300 | _a241p. | ||
| 653 | _aSociological education | ||
| 700 |
_aNeog, Mukunda, _eAuthor. |
||
| 942 | _cBK | ||
| 999 |
_c6243 _d6243 |
||